| 000 | 00639nam a22002057a 4500 | ||
|---|---|---|---|
| 005 | 20251108173338.0 | ||
| 008 | 250721s1998 xx 000 0 ara d | ||
| 082 | 1 | 4 | _aط/004/فرج |
| 100 | 1 | _aفرج، جنان | |
| 245 | 1 | 0 | _aبرنامج الرسام / |
| 246 | 1 | 1 | _aPaint Brush |
| 264 | 1 |
_aعمان : _bمركز الذكاء الإصطناعي للكمبيوتر، _c1998. |
|
| 300 | _a32 ص. | ||
| 490 | 0 |
_aالكمبيوتر للأطفال _v5 |
|
| 650 | 1 | 7 | _aالحواسيب |
| 650 | 1 | 7 | _aالرسم بمساعدة الحاسوب |
| 653 | _aناشئون صغار (10-14 سنة) | ||
| 942 |
_2ddc _cBK |
||
| 999 |
_c101744 _d101744 |
||